Catálogo

HISTORIA UNIVERSAL PREHISTORIA LAS PRIMERAS CULTURAS 1 (Registro nro. 28898)

Detalles MARC
000 -LEADER
fixed length control field 00503nam a2200181 a 4500
001 - CONTROL NUMBER
control field 28898
005 - DATE AND TIME OF LATEST TRANSACTION
control field 20180713231848.0
008 - FIXED-LENGTH DATA ELEMENTS--GENERAL INFORMATION
fixed length control field 140415s2002 mx 000 0 spa d
020 ## - INTERNATIONAL STANDARD BOOK NUMBER
International Standard Book Number 2394400X
041 ## - LANGUAGE CODE
Language code of text/sound track or separate title spa
082 ## - DEWEY DECIMAL CLASSIFICATION NUMBER
Classification number 900.29
Item number HEU
100 1# - MAIN ENTRY--PERSONAL NAME
Personal name GOLO MANN, ALFRED HEUSS
245 10 - TITLE STATEMENT
Title HISTORIA UNIVERSAL PREHISTORIA LAS PRIMERAS CULTURAS 1
250 ## - EDITION STATEMENT
Edition statement 1a ed.
260 ## - PUBLICATION, DISTRIBUTION, ETC.
Place of publication, distribution, etc. MEXICO :
Name of publisher, distributor, etc. ESPASA CALPE,
Date of publication, distribution, etc. 2002, 1987
300 ## - PHYSICAL DESCRIPTION
Extent 366
Dimensions 14 x 2 x 16
650 14 - SUBJECT ADDED ENTRY--TOPICAL TERM
Topical term or geographic name entry element HISTORIA UNIVERSAL
Existencias
Withdrawn status Lost status Source of classification or shelving scheme Damaged status Not for loan Collection code Home library Current library Shelving location Date acquired Source of acquisition Total Checkouts Full call number Barcode Date last seen Date last checked out Price effective from Koha item type
    Dewey Decimal Classification     General Tehuacán Tehuacán Sala general 03/12/2013 Compra   900.18 BAR 502673 08/01/2025 12/09/2016 03/12/2013 Libro
    Dewey Decimal Classification     General Tehuacán Tehuacán Sala general 03/12/2013 Compra   900.2 BRA 502672 08/01/2025 11/10/2016 03/12/2013 Libro
    Dewey Decimal Classification     General Tehuacán Tehuacán Sala general 03/12/2013 Compra   900.1 MAN 502681 08/01/2025 11/10/2016 03/12/2013 Libro
    Dewey Decimal Classification     General Tehuacán Tehuacán Sala general 03/12/2013 Compra   900.29 HEU 502670 08/01/2025   03/12/2013 Libro